FETAL SONOGRAPHY / (Record no. 796096)

MARC details
000 -LEADER
fixed length control field 00453pam a2200181 a 4500
020 ## - INTERNATIONAL STANDARD BOOK NUMBER
International Standard Book Number 0721654322
Terms of availability 4020.00
041 ## - LANGUAGE CODE
Language code of text/sound track or separate title eng
Language code of original NULL
082 ## - DEWEY DECIMAL CLASSIFICATION NUMBER
Classification number 618.207543
Item number DUB
100 ## - MAIN ENTRY--PERSONAL NAME
Personal name DUBOSE , T .
245 ## - TITLE STATEMENT
Title FETAL SONOGRAPHY /
Statement of responsibility, etc. NULL.
Medium Textual Documents
260 ## - PUBLICATION, DISTRIBUTION, ETC.
Place of publication, distribution, etc. NULL :
Name of publisher, distributor, etc. SAUNDERS ,
Date of publication, distribution, etc. 1996.
300 ## - PHYSICAL DESCRIPTION
Extent 497 :
Other physical details XIII ;
Dimensions NULL .
365 ## - TRADE PRICE
Price type code 4020.00
Price note 1
650 ## - SUBJECT ADDED ENTRY--TOPICAL TERM
Topical term or geographic name entry element OBST.GYNE
907 ## - LOCAL DATA ELEMENT G, LDG (RLIN)
a 4140
930 ## - EQUIVALENCE OR CROSS-REFERENCE-UNIFORM TITLE HEADING [LOCAL, CANADA]
Uniform title 1560
Holdings
Withdrawn status Lost status Damaged status Not for loan Home library Current library Date acquired Cost, normal purchase price Total Checkouts Full call number Barcode Date last seen Copy number Price effective from Koha item type Date due Date last checked out
        Medical College & Hospital, Sangli Medical College & Hospital, Sangli 28/11/2011 4020.00   618.207543 DUB MCS-4140 26/07/2023 2 26/07/2023 Book    
        Medical College & Hospital, Sangli Medical College & Hospital, Sangli 28/11/2011 4020.00 1 618.207543 DUB MCS-4139 06/10/2023 1 26/07/2023 Book 01/10/2043 06/10/2023